| 000 | 00985nac a22002891u 4500 | ||
|---|---|---|---|
| 003 | EG-ScBUE | ||
| 005 | 20220202144628.0 | ||
| 008 | 200219s2005 ii f 000 0 eng d | ||
| 020 | _a8175811447 | ||
| 040 |
_aEG-ScBUE _beng _erda _cEG-ScBUE _dEG-ScBUE |
||
| 082 | 0 | 4 |
_a813.54 _bHAW _222 |
| 100 | 1 |
_aHawthorne, Nathaniel, _d1804-1864, _eauthor. |
|
| 245 | 1 | 4 |
_aThe Scarlet letter : _ba critical study / _cNathaniel Hawthorne, Suresh, M.A., N.Y. University. |
| 250 | _aTwenty-third edition. | ||
| 264 | 1 |
_aNew Delhi : _bRama Brothers, _c2005. |
|
| 300 |
_a160 pages ; _c21 cm |
||
| 336 |
_2rdacontent _atext _btxt |
||
| 337 |
_2rdamedia _aunmediated _bn |
||
| 338 |
_2rdacarrier _avolume _bnc |
||
| 500 | _adistributer: Al-Ahram | ||
| 650 | 7 |
_aPuritans _zMassachusetts _xFiction. _2BUEsh |
|
| 651 | 7 |
_aBoston (Mass.) _xHistory _yColonial period, ca. 1600-1775 _vFiction. _2BUEsh |
|
| 653 | _bHHUUEENN | ||
| 655 |
_vReading book _934232 |
||
| 700 | 0 |
_aSuresh, _eauthor. |
|
| 942 |
_cBB _2ddc |
||
| 999 |
_c6977 _d6977 |
||